000 00620nam a2200241Ia 4500
003 OSt
005 20221007101347.0
006 a|||||r|||| 00| 0
007 ta
008 221006b |||||||| |||| 00| 0 eng d
024 _a6,303
037 _cTextual
040 _aLCO
_cLCO
_beng
041 _2eng
_aeng
082 _aV2,31t, L3
100 _aKASHYAP SUBHASH C
245 0 _aParliamentaries committees in India.
260 _aNew
_bDelhi I. C. P. S.
_c1973
300 _a143
650 _aCOMMITTEE
_9702715
942 _hV2,31t, L3
_cTEXL
999 _c1175866
_d1175866